000 00292nam a22001337a 4500
008 170817b xxu||||| |||| 00| 0 eng d
020 _a9780073309279
041 _aeng
080 _29TH
_a51
100 _a36
101 _aMAT
245 _aAPPLIED CALCULUS
_cHOFFMANN,L.D
942 _2udc
_cBK
999 _c23999
_d23999